Aadhunik Bharat mein rajneetik vichar (Record no. 935)

MARC details
000 -LEADER
fixed length control field 00458nam a2200169Ia 4500
008 - FIXED-LENGTH DATA ELEMENTS--GENERAL INFORMATION
fixed length control field 230917s9999||||xx |||||||||||||| ||und||
020 ## - ISBN
Price RS 450.00
040 ## - CATALOGING SOURCE
-- 5000049
Original cataloging agency VIVEKANANDA LIBRARY
041 ## - Language
-- English
082 ## - DDC NUMBER
Classification number 320.50954 P196P
100 ## - MAIN ENTRY--PERSONAL NAME
Personal name Pantham, Thomas, ed.
245 #0 - TITLE STATEMENT
Title Aadhunik Bharat mein rajneetik vichar
260 ## - PUBLICATION, DISTRIBUTION, ETC. (IMPRINT)
Place of publication, distribution, etc New Delhi
Name of publisher, distributor, etc Sage
Date of publication, distribution, etc 2017
300 ## - PHYSICAL DESCRIPTION
Pages vii, 364 p.
500 ## - GENERAL NOTE
General note 3916 30/12/2019 HBD20/8224 05/02/2020 Main Budget
942 ## - ADDED ENTRY ELEMENTS (KOHA)
Koha item type Books
Holdings
Withdrawn status Lost status Damaged status Not for loan Location (home branch) Sublocation or collection (holding branch) Date acquired Koha issues (times borrowed) Koha full call number Accession No. Koha date last seen Koha item type
        VIVEKANANDA LIBRARY VIVEKANANDA LIBRARY 24/02/2020 2 320.50954 P196P 392208 14/12/2024 Books
        VIVEKANANDA LIBRARY VIVEKANANDA LIBRARY 24/02/2020 1 320.50954 P196P 392209 20/12/2024 Books
        VIVEKANANDA LIBRARY VIVEKANANDA LIBRARY 24/02/2020 1 320.50954 P196P 392210 27/10/2023 Books
© Designed and Maintained by Vivekananda Library, MDU Rohtak